Rituals in an Unstable World : (Record no. 611218)

MARC details
000 -LEADER
fixed length control field 00526nam a2200181 a 4500
008 - FIXED-LENGTH DATA ELEMENTS--GENERAL INFORMATION
fixed length control field 260207s2008##################000#0#eng##
020 ## - INTERNATIONAL STANDARD BOOK NUMBER
ISBN 9783631573938
082 04 - DEWEY DECIMAL CLASSIFICATION NUMBER
Classification number 306.4
Item number HEN
100 1# - MAIN ENTRY--AUTHOR NAME
Personal name Henn, Alexander,
245 10 - TITLE STATEMENT
Title Rituals in an Unstable World :
260 ## - PUBLICATION, DISTRIBUTION, ETC. (IMPRINT)
Name of publisher Peter Lang Gmbh, Internationaler Verlag Der Wissenschaften,
Year of publication 2008.
650 #0 - SUBJECT ADDED ENTRY--TOPICAL TERM
Topical Term Rites and ceremonies.
942 ## - ADDED ENTRY ELEMENTS (KOHA)
Koha item type English Books
Holdings
Withdrawn status Lost status Damaged status Not for loan Home library Current library Shelving location Date acquired Full call number Accession Number Price effective from Koha item type
        Anna Centenary Library Anna Centenary Library 3RD FLOOR, B WING 07.02.2026 306.4 HEN 216487 07.02.2026 English Books

Find us on the map